A course in modern algebra /

Guardado en:
Autor Principal: Hilton, Peter John.
Otros Autores: Wu, Yel-Chiang, 1939-
Formato: Libro
Idioma:English
Publicado: New York : Wiley, c1974.
Series:Pure and applied mathematics
Materias:
Etiquetas: Agregar Etiqueta
Sin Etiquetas, Sea el primero en etiquetar este registro!
LEADER 00906pam a2200253 a 4500
001 MAT.inmabb002919
008 731016s1974####nyu######b####001#0#eng##
005 20180502182633.0
245 1 2 |a A course in modern algebra /  |c Peter Hilton, Yel-Chiang Wu. 
260 |a New York :  |b Wiley,  |c c1974. 
300 |a x, 249 p. ;  |c 24 cm. 
490 0 |a Pure and applied mathematics 
500 |a "A Wiley-Interscience publication." 
504 |a Bibliografía: p. 243. 
505 8 |a 1. Groups -- 2. Abelian groups -- 3. Categories and functors -- 4. Modules -- 5. Integral domains -- 6. Semisimple rings -- 7. The functors Ext and Tor. 
510 4 |a MR,  |c 49 #10475 
020 |a 0471399671 
100 1 |a Hilton, Peter John. 
700 1 |a Wu, Yel-Chiang,  |d 1939- 
650 0 |a Algebra. 
084 |a 00A05 (18-01)  |2 msc2000 
010 |a  73018043  
040 |a DLC  |c DLC  |d DLC 
859 |h 00A05A  |i H656  |p A-4935  |b BIB. MATEMATICA